00318nam a2200109Ia 4500008004100000100001600041245002200057260000900079300003400088440002400122650006200146180117s9999 xx 000 0 und d aby Rai Cruz aSTREET EXPRESSION c2016 a20-22 pages, 2016 February 28 aPhilippine Panorama aMESSY AND REWARDING BUSINESS OF PAITING ON BORROWED WALLS